LEADER 01406nam--2200445---450- 001 990000287000203316 005 20050707090236.0 010 $a0-333-67746-3 035 $a0028700 035 $aUSA010028700 035 $a(ALEPH)000028700USA01 035 $a0028700 100 $a20001108d2000----km-y0itay0103----ba 101 $aENG 102 $aGB 105 $a||||||||001yy 200 1 $a"This Double Voice"$eGendered Writing in Early odern England$fedited by Danielle Clarke and Elizabeth Clarke 205 $a1 ed. 210 $aHoundmills$aBasingstoke$cMacmillan Press$d2000 215 $aX, 280 p.$d22 cm 225 2 $aEarly modern literature in history 410 $12001$aEarly modern literature in history 461 1$1001-------$12001 606 0 $aLetteratura inglese$xStoria$zSec.16.-17. 676 $a820.9 702 1$aCLARKE,$bDanielle 702 1$aCLARKE,$bElizabeth 801 0$aIT$bsalbc$gISBD 912 $a990000287000203316 951 $aVII.3.B. 351(II i B 1834)$b154917/L.M.$cII i B 1834$d00006981 959 $aBK 969 $aUMA 979 $aPATTY$b90$c20001108$lUSA01$h0958 979 $aPATTY$b90$c20001109$lUSA01$h1401 979 $c20001110$lUSA01$h1716 979 $c20020403$lUSA01$h1636 979 $aPATRY$b90$c20040406$lUSA01$h1620 979 $aCOPAT5$b90$c20050707$lUSA01$h0902 996 $aThis double voice$9629897 997 $aUNISA LEADER 01059nam--2200349---450- 001 990005911040203316 005 20131125093130.0 010 $a978-88-90240-75-1 035 $a000591104 035 $aUSA01000591104 035 $a(ALEPH)000591104USA01 035 $a000591104 100 $a20131125d2011----km-y0itay50------ba 101 0 $aita 102 $aIT 105 $a||||||||001yy 200 1 $aPianura 2008$ei giorni della monnezza$eracconto controcorrente di una protesta popolare$fMarco Nonno 210 $aBenevento$cmicroPrint$d2011 215 $a96 p.$d24 cm 300 $aNapoli, discarica dei Pisani, dicembre 2007-gennaio 2008-ottobre 2008 606 0 $aDiscariche$2BNCF 676 $a628.445 700 1$aNONNO,$bMarco$0618198 801 0$aIT$bsalbc$gISBD 912 $a990005911040203316 951 $aII.5. 7661$b242152 L.M.$cII.5.$d00314948 959 $aBK 969 $aUMA 979 $aPASSARO$b90$c20131125$lUSA01$h0929 979 $aPASSARO$b90$c20131125$lUSA01$h0931 996 $aPianura 2008$91073210 997 $aUNISA LEADER 00943nam a22002531i 4500 001 991003610389707536 005 20040513155446.0 008 040802s1928 it |||||||||||||||||ita 035 $ab13099887-39ule_inst 035 $aARCHE-105249$9ExL 040 $aBiblioteca Interfacoltà$bita$cA.t.i. Arché s.c.r.l. Pandora Sicilia s.r.l. 082 04$a839.736 100 1 $aStrindberg, August$0126055 245 13$aIl figlio della serva /$cAugusto Strindberg ; a cura di Caesar Stadlin 260 $aMilano :$bDelta,$c1928 300 $a253 p. ;$c17 cm 440 0$aScrittori stranieri ;$v8 700 1 $aStadlin, Caesar 907 $a.b13099887$b02-04-14$c05-08-04 912 $a991003610389707536 945 $aLE002 Fondo Giudici E 1437$g1$i2002000219312$lle002$nC. 1$o-$pE0.00$q-$rn$so $t0$u0$v0$w0$x0$y.i13733898$z05-08-04 996 $aFiglio della serva$992123 997 $aUNISALENTO 998 $ale002$b05-08-04$cm$da $e-$fita$git $h3$i1